| 000 | 00508 a2200169 4500 | ||
|---|---|---|---|
| 003 | OSt | ||
| 005 | 20240106123917.0 | ||
| 008 | 231216b |||||||| |||| 00| 0 eng d | ||
| 020 | _a8170556600 | ||
| 040 | _coclc | ||
| 082 |
_a891.434 _bRAZ/K |
||
| 100 | 0 |
_aRāhī Māsūma Razā, _d1927-1992 _910143 |
|
| 245 |
_aKHUDA HAFIZ KAHANE KA MOD / _cRahi Masoom Raza, |
||
| 260 |
_aNew Delhi: _bVani Prakashan, _c2012. |
||
| 300 | _a154p | ||
| 942 |
_2ddc _cBK _h891.434 _iRAZ/K _k891.434 _mRAZ/K |
||
| 999 |
_c43439 _d43439 |
||